INDIAN LEGAL AND CONSTITUTIONAL HISTORY (Record no. 1680335)
[ view plain ]
| 000 -LEADER | |
|---|---|
| fixed length control field | 00359nam a22001577a 4500 |
| 003 - CONTROL NUMBER IDENTIFIER | |
| control field | OSt |
| 005 - DATE AND TIME OF LATEST TRANSACTION | |
| control field | 20260227173636.0 |
| 008 - FIXED-LENGTH DATA ELEMENTS--GENERAL INFORMATION | |
| fixed length control field | 260227b |||||||| |||| 00| 0 eng d |
| 040 ## - CATALOGING SOURCE | |
| Transcribing agency | FLL |
| 041 ## - LANGUAGE CODE | |
| Language code of text/sound track or separate title | ENG |
| Language code of sung or spoken text | ENG |
| 100 ## - MAIN ENTRY--PERSONAL NAME | |
| Personal name | SIGNH,M.P |
| 9 (RLIN) | 1116854 |
| 245 ## - TITLE STATEMENT | |
| Title | INDIAN LEGAL AND CONSTITUTIONAL HISTORY |
| 250 ## - EDITION STATEMENT | |
| Edition statement | 9th |
| 300 ## - PHYSICAL DESCRIPTION | |
| Extent | 343 |
| 942 ## - ADDED ENTRY ELEMENTS (KOHA) | |
| Source of classification or shelving scheme | Colon Classification (CC) |
| Koha item type | Textbook |
| Suppress in OPAC | No |
| Withdrawn status | Lost status | Source of classification or shelving scheme | Damaged status | Not for loan | Home library | Current library | Date acquired | Source of acquisition | Cost, normal purchase price | Inventory number | Total Checkouts | Full call number | Barcode | Date last seen | Price effective from | Koha item type |
|---|---|---|---|---|---|---|---|---|---|---|---|---|---|---|---|---|
| Colon Classification (CC) | Law Centre-I Library | Law Centre-I Library | 2026-01-16 | CLASSIC | 695.00 | 192/16-01-2026 | Zv2,N R5 | LO1646219 | 2026-02-27 | 2026-02-27 | Textbook | |||||
| Colon Classification (CC) | Law Centre-I Library | Law Centre-I Library | 2026-01-16 | CLASSIC | 695.00 | 192/16-01-2026 | Zv2,N R5 | LO1646220 | 2026-02-27 | 2026-02-27 | Textbook | |||||
| Colon Classification (CC) | Law Centre-I Library | Law Centre-I Library | 2026-01-16 | CLASSIC | 695.00 | 192/16-01-2026 | Zv2,N R5 | LO1646221 | 2026-02-27 | 2026-02-27 | Textbook | |||||
| Colon Classification (CC) | Law Centre-I Library | Law Centre-I Library | 2026-01-16 | CLASSIC | 695.00 | 192/16-01-2026 | Zv2,N R5 | LO1646222 | 2026-02-27 | 2026-02-27 | Textbook | |||||
| Colon Classification (CC) | Law Centre-I Library | Law Centre-I Library | 2026-01-16 | CLASSIC | 695.00 | 192/16-01-2026 | Zv2,N R5 | LO1646223 | 2026-02-27 | 2026-02-27 | Textbook | |||||
| Colon Classification (CC) | Law Centre-I Library | Law Centre-I Library | 2026-01-16 | CLASSIC | 695.00 | 192/16-01-2026 | Zv2,N R5 | LO1646224 | 2026-02-27 | 2026-02-27 | Textbook | |||||
| Colon Classification (CC) | Law Centre-I Library | Law Centre-I Library | 2026-01-16 | CLASSIC | 695.00 | 192/16-01-2026 | Zv2,N R5 | LO1646225 | 2026-02-27 | 2026-02-27 | Textbook | |||||
| Colon Classification (CC) | Law Centre-I Library | Law Centre-I Library | 2026-01-16 | CLASSIC | 695.00 | 192/16-01-2026 | Zv2,N R5 | LO1646226 | 2026-02-27 | 2026-02-27 | Textbook |
